000 00673nam a22001937a 4500
999 _c2888
_d2888
005 20210325174013.0
008 s2538 th j tha d
040 _aNALT
041 _atha
090 _aSC
_bช377ท 2538
100 0 _aชัยชนะ โพธิวาระ
_911349
245 1 0 _aท่องหิมาลัย 1-2 /
_cชัยชนะ โพธิวาระ.
260 _aกรุงเทพฯ :
_bพี.วาทิน. พับลิเคชั่น,
_c2538.
300 _a2 เล่ม ;
_c19 ซม.
650 4 _aสารคดี
_911350
_zอินเดีย
850 _aNALT
942 _cSHT
_2lcc
_01